GST INCORPORATING (Record no. 50170)
[ view plain ]
| 000 -LEADER | |
|---|---|
| fixed length control field | nam a22 7a 4500 |
| 003 - CONTROL NUMBER IDENTIFIER | |
| control field | OSt |
| 005 - DATE AND TIME OF LATEST TRANSACTION | |
| control field | 20200916142027.0 |
| 008 - FIXED-LENGTH DATA ELEMENTS--GENERAL INFORMATION | |
| fixed length control field | 200916b xxu||||| |||| 00| 0 eng d |
| 040 ## - CATALOGING SOURCE | |
| Transcribing agency | SERO SOFT |
| 100 ## - MAIN ENTRY--PERSONAL NAME | |
| Personal name | BARE ACT |
| 245 ## - TITLE STATEMENT | |
| Title | GST INCORPORATING |
| 260 ## - PUBLICATION, DISTRIBUTION, ETC. | |
| Place of publication, distribution, etc. | CLP |
| 300 ## - PHYSICAL DESCRIPTION | |
| Extent | 892 |
| 942 ## - ADDED ENTRY ELEMENTS (KOHA) | |
| Source of classification or shelving scheme | |
| Koha item type | Book Bank |
| Withdrawn status | Lost status | Source of classification or shelving scheme | Damaged status | Not for loan | Home library | Current library | Date acquired | Source of acquisition | Cost, normal purchase price | Inventory number | Total Checkouts | Barcode | Checked out | Date last seen | Date last checked out | Price effective from | Koha item type |
|---|---|---|---|---|---|---|---|---|---|---|---|---|---|---|---|---|---|
| IIMT University College of Law | IIMT University College of Law | 09/16/2020 | WESTERN LAW HOUSE | 850.00 | 00002539/ 6/3/20 | 4 | 04-B-7907 | 07/31/2026 | 04/08/2026 | 04/08/2026 | 09/16/2020 | Book Bank | |||||
| IIMT University College of Law | IIMT University College of Law | 09/16/2020 | WESTERN LAW HOUSE | 850.00 | 00002539/ 6/3/20 | 2 | 04-B-7908 | 08/10/2022 | 04/06/2022 | 09/16/2020 | Book Bank | ||||||
| IIMT University College of Law | IIMT University College of Law | 09/16/2020 | WESTERN LAW HOUSE | 850.00 | 00002539/ 6/3/20 | 3 | 04-B-7909 | 08/13/2022 | 03/21/2022 | 09/16/2020 | Book Bank |

